Manual of Phychology / (Record no. 193809)

000 -LEADER
fixed length control field 00537 a2200157 4500
003 - CONTROL NUMBER IDENTIFIER
control field Nust
005 - DATE AND TIME OF LATEST TRANSACTION
control field 20230224121434.0
040 ## - CATALOGING SOURCE
Transcribing agency Nust
082 ## - DEWEY DECIMAL CLASSIFICATION NUMBER
Classification number 158,STO
100 ## - MAIN ENTRY--PERSONAL NAME
Personal name G.F. Stout M.A Camb
9 (RLIN) 109564
245 ## - TITLE STATEMENT
Title Manual of Phychology /
Statement of responsibility, etc. G.F. Stout M.A Camb
260 ## - PUBLICATION, DISTRIBUTION, ETC.
Place of publication, distribution, etc. london
Name of publisher, distributor, etc. W..Clive
Date of publication, distribution, etc. 1915
300 ## - PHYSICAL DESCRIPTION
Extent xvii,769 p.;
505 ## - FORMATTED CONTENTS NOTE
Formatted contents note Introduction (Page-1), Book I General Analysis (Page-102), Book II Sensation (Page-208), Book III Perception (Page-334), Book IV Ideational and Conceptual Process (Page-528).
942 ## - ADDED ENTRY ELEMENTS (KOHA)
Source of classification or shelving scheme
Koha item type Book
Holdings
Withdrawn status Lost status Source of classification or shelving scheme Damaged status Not for loan Permanent Location Current Location Shelving location Date acquired Full call number Barcode Date last seen Price effective from Koha item type Public note
          Military College of Signals (MCS) Military College of Signals (MCS) General Stacks 12/12/2016 158,STO MCS30193 12/08/2016 12/12/2016 Book Almirah No.73, Shelf No.1
© 2023 Central Library, National University of Sciences and Technology. All Rights Reserved.